| 000 | 00387nam a22001337a 4500 | ||
|---|---|---|---|
| 082 |
_a342.7302 _bNYA |
||
| 100 | _aNyazee, Imran Ahsan Khan | ||
| 245 |
_aThe Constitutional of The United States of America / _cImran Ahsan Khan Nyazee |
||
| 260 |
_aIslamabad : _b Advanced Legal Studies Institute, _c2017. |
||
| 300 | _a267p. ; | ||
| 563 | _aPB | ||
| 650 |
_aLaw _935302 |
||
| 942 |
_2ddc _cBK |
||
| 999 |
_c613058 _d613058 |
||